LEADER 01425nam a2200313 4500 001 000000340700 003 CaOOAMICUS 005 20211223152105.0 008 200622s2018 it 000 u ita r 020 $a978-88-938145-0-8 040 $aSeMil$bita 100 1 $aRowling, J. K.,$d<1965- >.$0(OLS)http://semarc/name/48078 240 10$aHarry Potter.$0(OLS)http://semarc/title/438477 245 10$aHarry Potter e la pietra filosofale /$cJ. K. Rowling ; edizione a cura di Stefano Bartezzaghi ; traduzione di Marina Astrologo. 250 $a3. rist 264 3$aMilano :$bSalani,$c2018. 300 $a300 p. ;$c21 cm 500 $aIn cop.: 20 anni di magia, Harry Potter 500 $aSul dorso: 1. anno 700 1 $aBartezzaghi, Stefano,$d<1962- >.$0(OLS)http://semarc/name/82442 700 1 $aAstrologo, Marina.$0(OLS)http://semarc/name/47562 765 0 $aRowling, J. K. <1965- >$tHarry Potter and the philosopher's stone.$dLondon [etc.] : Bloomsbury, 2010.$z978-1-4088-1054-5$w()340627 850 $aSeMil 852 $aSeMil$W1$xVenegono$y1$m1V II 371$j221305$B231770$CSeMilBibl$Z2$F231770 $81 961 $aBrambilla don Paolo - Omaggio 996 $6020$a978-88-938145-0-8$9(OLS)http://semarc/number/290600 996 $6245$aHarry Potter e la pietra filosofale$9(OLS)http://semarc/title/429765 996 $6264$aMilano :$bSalani$9(OLS)http://semarc/publisher/38155 LEADER 01359nam a2200289 4500 001 000000350708 003 CaOOAMICUS 005 20220630121309.0 008 220629s2012 it 000 u ita r 020 $a978-88-8107-330-6 040 $aSeMil$bita 245 03$aIl primo amore :$bl'educazione sentimentale nelle pedagogie narrate /$ca cura di Francesca Borruso e Lorenzo Cantatore. 264 1$aMilano :$bGuerini scientifica,$c2012. 300 $a291 p. ;$c21 cm 490 1 $aGenere, differenza, educazione ;$v10 650 4$aPedagogia.$0(OLS)http://semarc/subject/1060 650 4$aAdolescenti - Relazioni amorose - Psicologia.$0(OLS)http://semarc/subject/47928 700 1 $aBorruso, Francesca.$0(OLS)http://semarc/name/116090 700 1 $aCantatore, Lorenzo.$0(OLS)http://semarc/name/116091 830 0$aGenere, differenza, educazione ;$v10.$0(OLS)http://semarc/title/440511 850 $aSeMil 852 $aSeMil$W1$xVenegono$y1$m2Q V 12$j233919$B241718$CSeMilBibl$Z2$F241718 $81 961 $aPerego don Stefano - Omaggio 996 $6020$a978-88-8107-330-6$9(OLS)http://semarc/number/296183 996 $6245$aIl primo amore :$bl'educazione sentimentale nelle pedagogie narrate$9(OLS)http://semarc/title/440510 996 $6264$aMilano :$bGuerini scientifica$9(OLS)http://semarc/publisher/41376 LEADER 01142nam a2200193 i 4500 001 000000221849 003 CaOOAMICUS 005 20130814000000.0 008 130814s1861 xx u000 u fre u 013 $a200746 040 $aSeMil$bita 245 10$aDictionnaire des sciences occultes, savoir, de aeromancie, alchimie, alectryomancie, aleuromancie, ..., ou Repertoire universel, des etres, des personnages, des livres, des faits et des choses qui tiennent ... 1. 300 $a1072 col. 773 0 $aMigne, Jacques-Paul <1800-1875>$tEncyclopédie théologique, ou Série de dictionnaires sur toutes les parties de la science religieuse ..$dPetit-Montrouge : S'imprime et se vende chez J.-P. Migne, 1851.$g48$w()11876 850 $aSeMil 852 $aSeMil$W1$xVenegono$y1$m2S V 48 FA$j172198$B172198$CSeMilBibl$Z2$F182754 $8I 941 1 $a10 961 $aRecupero: Mantegazza 996 $6245$aDictionnaire des sciences occultes, savoir, de aeromancie, alchimie, alectryomancie, aleuromancie, ..., ou Repertoire universel, des etres, des personnages, des livres, des faits et des choses qui tiennent ... 1$9(OLS)http://semarc/title/318048 LEADER 01263nam a2200241 i 4500 001 000000010832 003 CaOOAMICUS 005 20251222113530.0 008 180830s18371838it u000 u ita u 040 $aSeMil$bita 100 1 $aBuonafede, Appiano,$d<1716-1793>.$0(OLS)http://semarc/name/3040 245 10$aDella istoria e della indole di ogni filosofia /$cdi Appiano Buonafede. 260 $aMilano :$bSocietą Tipografica de' Classici Italiani,$c1837-1838. 300 $a4 v. ;$c22 cm. 490 1 $aEdizione delle opere classiche italiane del secolo 18. 774 0 $tVol. 1.$kEdizione delle opere classiche italiane del secolo 18.$g1$w()225653 774 0 $tVol. 2.$kEdizione delle opere classiche italiane del secolo 18.$g2$w()225727 774 0 $tVol. 3.$kEdizione delle opere classiche italiane del secolo 18.$g3$w()225726 774 0 $tVol. 4.$kEdizione delle opere classiche italiane del secolo 18.$g4$w()225728 830 0$aEdizione delle opere classiche italiane del secolo 18.$0(OLS)http://semarc/title/12449 996 $6245$aDella istoria e della indole di ogni filosofia$9(OLS)http://semarc/title/14299 996 $6260$aMilano :$bSocietą Tipografica de' Classici Italiani$9(OLS)http://semarc/publisher/56064 LEADER 01231nam a2200205 i 4500 001 000000031343 003 CaOOAMICUS 005 20180830125449.0 008 180830s1853 it u000 u ita u 040 $aSeMil$bita 100 1 $aAlbčri, Eugenio,$d<1807-1878>.$0(OLS)http://semarc/name/20099 245 13$aLe relazioni degli ambasciatori veneti al senato durante il secolo decimosesto /$cedite dal cav. Eugenio Albčri. 260 $aFirenze :$bSocietą Editrice Fiorentina,$c1853. 300 $av. ;$c22 cm. 500 $aNell'occhietto: La collezione si divide in tre serie: la 1. comprende le Relazioni degli stati europei, tranne l'Italia; la 2. le Relazioni d'Italia; la 3. le Relazioni degli stati ottomani. 773 0 $aAlbčri, Eugenio <1807-1878>$tItalia nel secolo decimosesto, ossia Le relazioni degli ambasciatori veneti presso gli stati italiani nel 16. secolo.$dFirenze : Societą Editrice Fiorentina, 1858-1863.$w()4858 774 0 $tSerie 1. Volume 5.$g1$w()256993 774 0 $tAppendice.$w()256994 996 $6245$aLe relazioni degli ambasciatori veneti al senato durante il secolo decimosesto$9(OLS)http://semarc/title/401997 996 $6260$aFirenze :$bSocietą Editrice Fiorentina$9(OLS)http://semarc/publisher/32004 LEADER 02178nam a2200325 i 4500 001 000000048489 003 CaOOAMICUS 005 20251125110142.0 008 121203s1609 it u000 u lat u 026 $as.s, a-1. atm- prop (3) 1609 (R) 040 $aSeMil$bita 100 1 $aSuarez, Francisco,$c.$0(OLS)http://semarc/name/89664 245 10$aOpus de virtute et statu religionis in tres tractatus distributum. In quibus pręter materiam veri diuini cultus, omnes quaestiones de magia, ac teterrimo simonię peccato copiosč, & eleganter disputatę continentur. ... Auctore p.d. Francisco Suarez Granatensi ... Adiecti sunt facilioris doctrinae gratia plures indices. 250 $aNuper in lucem auctum et emendatius editum. 260 $aVenetiis :$bApud Bernardum Iuntam, Io: Bapt. Ciottum, & socios,$c1609. 300 $a[88], 776 [i.e. 756] p. ;$cfol. 500 $aFront. stampato in rosso e nero 500 $aMarca editoriale: La Toscana: una figura umana coronata e rivestita di ermellino tiene nella mano destra uno scettro e nella sinistra un giglio araldico. In cornice figurata. (O1079) Sul front. 500 $aL'indicazione di ed. precede il nome dell'A. 500 $aOmesse nella numerazione le p. 673-692 500 $aSegn.: ?8 a-f6 A-2Z8 3A10 500 $aCors. ; rom. 500 $aIniz. e fregi xilogr. 700 1 $aGiunta, Bernardo$b<2.,$cEditore,$d1570-1627>.$0(OLS)http://semarc/name/14892 710 0 $aCiotti, Giovanni Battista e C.$c.$0(OLS)http://semarc/name/14891 850 $aSeMil 852 $aSeMil$W1$xVenegono$y1$m2D V 11 FA$j14644$B14644$CSeMilBibl$Z2$F14644 $8I 996 $6245$aOpus de virtute et statu religionis in tres tractatus distributum. In quibus pręter materiam veri diuini cultus, omnes quaestiones de magia, ac teterrimo simonię peccato copiosč, & eleganter disputatę continentur. ... Auctore p.d. Francisco Suarez Granatensi ... Adiecti sunt facilioris doctrinae gratia plures indices$9(OLS)http://semarc/title/73405 996 $6260$aVenetiis :$bApud Bernardum Iuntam, Io: Bapt. Ciottum, & socios$9(OLS)http://semarc/publisher/41032 LEADER 00938nam a2200205 i 4500 001 000000201114 003 CaOOAMICUS 005 20110531000000.0 008 110531s1792 it u000 u ita u 013 $a179815 026 $atate i-ol I.r- Gu(a (3) 1792 (R) 040 $aSeMil$bita 245 10$aVolume primo. 250 $aEdizione seconda. 300 $a423, [1] p., [1] carta di tav. :$bantip. calcogr. ;$c4°. 500 $aIl v. dell'ultima c. č bianca. - Segn. : a3g4. - La prima edizione, stampata a Ferrara nel 1777, era costituita da un solo vol. 773 0 $aBarotti, Lorenzo$tMemorie istoriche di letterati ferraresi. Opera postuma di Giannandrea Barotti. Volume primo [-secondo].$dIn Ferrara : Per gli eredi di Giuseppe Rinaldi, 1792-1793.$g1$w()25057 850 $aSeMil 852 $aSeMil$W1$xVenegono$y1$m1E VII 14 FA$j151643$B151643$CSeMilBibl$Z2$F164234 $8I 996 $6245$aVolume primo$9(OLS)http://semarc/title/17661 LEADER 00608naa a2200145 i 4500 001 000000297303 003 CaOOAMICUS 005 20180831172602.0 008 180831n xx u000 u und u 013 $a4830 040 $aSeMil$bita 100 1 $aMargaritti, Antonio <1932-2007>.$0(OLS)http://semarc/name/39147 245 10$aPrimato della formazione e questione antropologica. 773 0 $aAmbrosio, Gianni $tPrimato della formazione.$dMilano : Glossa, copyr. 1997.$kDisputatio $z88-7105-077-0$w()58727 996 $6245$aPrimato della formazione e questione antropologica$9(OLS)http://semarc/title/373338 LEADER 01223nam a2200289 i 4500 001 000000214566 003 CaOOAMICUS 005 20151210000000.0 008 151210s1993 it u000 u ita u 013 $a193437 020 $a88-241-0321-9 040 $aSeMil$bita 100 1 $aFranzoni, Giovanni <1928-2017>.$0(OLS)http://semarc/name/90446 245 13$aLa solitudine del samaritano :$buna parabola per l'oggi /$cGiovanni Franzoni. 260 $aRoma ; Napoli :$bTheoria,$c1993. 300 $a135 p. ;$c19 cm. 490 0 $aGeografie ;$v9 500 $aCon dedica. 650 4$aCaritą - Virtł.$0(OLS)http://semarc/subject/44778 650 4$aBibbia. Nuovo Testamento. Vangelo secondo Luca - Parabola del buon samaritano.$0(OLS)http://semarc/subject/32969 830 0$aGeografie ;$v9.$0(OLS)http://semarc/title/20158 850 $aSeMil 852 $aSeMil$W1$xVenegono$y1$m3F II 662$j164988$B164988$CSeMilBibl$Z2$F208891 $81 961 $aOmaggio: Altro 996 $6020$a88-241-0321-9$9(OLS)http://semarc/number/210861 996 $6245$aLa solitudine del samaritano :$buna parabola per l'oggi$9(OLS)http://semarc/title/309124 996 $6260$aRoma ; Napoli :$bTheoria$9(OLS)http://semarc/publisher/33970